| 000 | 00781cam a2200241 a 4500 | ||
|---|---|---|---|
| 001 | 13091505 | ||
| 005 | 20180207073840.0 | ||
| 008 | 030213s2004 caua b 001 0 eng | ||
| 010 | _a 2003102373 | ||
| 020 | _a0534507786 (student ed.) | ||
| 020 | _a0534508367 (instructor's ed.) | ||
| 035 | _a(DLC) 2003102373 | ||
| 040 |
_aDLC _cDLC |
||
| 041 | _aeng | ||
| 080 | _a37 BAX | ||
| 100 | 1 | _a47 | |
| 101 | _aEDU | ||
| 245 | 1 | 4 |
_aThe basics of communication research / _cLeslie A. Baxter, Earl Babbie. |
| 504 | _aIncludes bibliographical references and index. | ||
| 906 |
_a7 _bcbc _corignew _d3 _eepcn _f20 _gy-gencatlg |
||
| 942 |
_2ddc _cBK |
||
| 999 |
_c42018 _d42018 |
||